00985nam a2200253 a 45000010005000000030010000050050017000150080041000320200018000730400025000910800018001160900019001341000039001532450088001922600039002803000021003195000164003405040027005046500020005316500029005519420012005809520124005929990015007161399BR-CuiBMT20231206203831.0231206s2015 amb 000 0 por d a9788567168043 aBR-CuiBMTcBR-CuiBMT 22007a347.991 a347.991bC376p1 aCavalcante, Márcio André Lopes10aPrincipais julgados STF e STJ comentados 2014 /cMárcio André Lopes Cavalcante. aManaus :bDizer o Direito, c2015. a1581 p. ;c24 cm aInclui as súmulas organizadas por assunto. Abrange os informativos 733-771 STF e 533-552 STJ. Confira as atualizações periodicamente publicadas no site. aInclui a bibliografia. aDireitozBrasil aSupremo Tribunal Federal 2udccLV 00102udc4070aBIBTCEMTbBIBTCEMTd2023-12-06l0o347.991 C 376ppBIBTCEMT23120281r2023-12-06tEx. 1w2023-12-06yLV c1399d1399